Résolution d'un modele macroéconomique avec anticipations rationnelles.
Simulácia modelu racionálnej anticipácie. Riešenie systému rovníc o rôznych neznámych. Využitie hlavných optimalizačných metód v makroekonomike. Postupná transformácia nelineárnych úloh na úlohy lineárne. Uplatnenie dvoch základných typov algoritmov Gauss-Seidela a Newton-Raphsona v ekonomike.
Guardado en:
| Autor principal: | |
|---|---|
| Formato: | Capítulo de libro |
| Lenguaje: | francés |
| Materias: | |
| Etiquetas: |
Sin Etiquetas, Sea el primero en etiquetar este registro!
|
MARC
| LEADER | 00000naa a2200000 4500 | ||
|---|---|---|---|
| 001 | r001630 | ||
| 005 | 20220818101746.3 | ||
| 041 | 0 | |a fre | |
| 044 | |a FR | ||
| 245 | 1 | 0 | |a Résolution d'un modele macroéconomique avec anticipations rationnelles. |c J.-P. Laffargue |
| 520 | |a Simulácia modelu racionálnej anticipácie. Riešenie systému rovníc o rôznych neznámych. Využitie hlavných optimalizačných metód v makroekonomike. Postupná transformácia nelineárnych úloh na úlohy lineárne. Uplatnenie dvoch základných typov algoritmov Gauss-Seidela a Newton-Raphsona v ekonomike. | ||
| 610 | 2 | 0 | |a modely makroekonomické |
| 610 | 2 | 0 | |a simulácia |
| 610 | 2 | 0 | |a metódy matematické |
| 610 | 2 | 0 | |a metódy optimalizačné |
| 610 | 2 | 0 | |a metódy ekonomicko-matematické |
| 610 | 2 | 0 | |a algoritmy |
| 100 | 1 | |a Laffargue, J.-P. | |